[Event "Artemis Cup 3rd"]
[Site "Leros"]
[Date "2011.07.13"]
[Round "2"]
[White "Borsuk, Angela"]
[Black "Mastrovasilis, Dimitrios"]
[Result "0-1"]
[WhiteElo "2254"]
[BlackElo "2604"]
[PlyCount "64"]
[EventDate "2011.07.12"]
[EventType "swiss"]
[EventRounds "9"]
[EventCountry "GRE"]
[SourceTitle "CBM 143 Extra"]
[Source "ChessBase"]
[SourceDate "2011.08.29"]
[SourceVersion "1"]
[SourceVersionDate "2011.08.29"]
[SourceQuality "1"]

1. d4 d5 2. c4 e6 3. Nf3 Nf6 4. e3 a6 5. Nbd2 c5 6. dxc5 Bxc5 7. Nb3 Bd6 8. cxd5 exd5 9. Be2 0-0 10. 0-0 Nc6 11. Nbd4 Ne4 12. Nxc6 bxc6 13. Qc2 Qf6 14. Nd2 Nc5 15. e4 Re8 16. g3 Bh3 17. Rd1 dxe4 18. Nc4 Bf8 19. Be3 Nd3 20. Nd2 Nb4 21. Qa4 Nd5 22. Bd4 Qg6 23. Rac1 c5 24. Bxc5 Nf4 25. Re1 Ng2 26. Red1 e3 27. fxe3 Nxe3 28. Bxe3 Rxe3 29. Bf3 Rd8 30. Nc4 Rxf3 31. Rxd8 Rxg3+ 32. Kf2 Rg2+ 0-1

[Event "EU-Cup (Women) 15th"]
[Site "Plovdiv"]
[Date "2010.10.20"]
[Round "4.1"]
[White "Borsuk, Angela"]
[Black "Botvinnik, Irina"]
[Result "1/2-1/2"]
[WhiteElo "2270"]
[BlackElo "2216"]
[PlyCount "30"]
[EventDate "2010.10.17"]
[EventType "team-swiss"]
[EventRounds "7"]
[EventCountry "BUL"]
[SourceTitle "CBM 138 Extra"]
[Source "ChessBase"]
[SourceDate "2010.10.29"]
[SourceVersion "1"]
[SourceVersionDate "2010.10.29"]
[SourceQuality "1"]
[WhiteTeam "Ashdod Elite (W)"]
[BlackTeam "Herzliya (W)"]
[WhiteTeamCountry "ISR"]
[BlackTeamCountry "ISR"]

1. Nf3 Nf6 2. g3 d5 3. Bg2 e6 4. 0-0 c5 5. d3 Be7 6. Nbd2 0-0 7. e4 Nc6 8. c3 dxe4 9. dxe4 Qc7 10. Qc2 b6 11. Re1 Bb7 12. Nf1 Rfd8 13. h3 Rd7 14. Be3 Rad8 15. a4 Na5 1/2-1/2